Drapeaux des pays qui bordent la France - une minute sprint - Statistiques

Statistiques générales
  • Ce quiz a été pris 168 fois
  • Le résultat moyen est 10 sur 10
Statistiques - réponses
drapeau pays % Correct
Brésil
100%
Italie
100%
Suisse
100%
Espagne
99%
Allemagne
97%
Belgique
97%
Luxembourg
95%
Monaco
95%
Andorre
91%
Suriname
77%
Aucun quiz correspondant
Distribution des résultats
% des personnes avec chaque résultat
Percentile par nombre de réponses
Votre historique - résultats
Vous n’avez pas pris ce quiz